Strategic organization

Guardado en:
Detalles Bibliográficos
Formato: Seriadas
Lenguaje:inglés
Publicado: Los Angeles SAGE Publ. 2014
Materias:
Etiquetas: Agregar Etiqueta
Sin Etiquetas, Sea el primero en etiquetar este registro!

MARC

LEADER 00000nas2a2200000 4500
001 0252246
005 20190320100228.1
022 |a 1476-1270 
041 0 |a eng 
044 |a US 
245 1 0 |a Strategic organization 
264 1 |a Los Angeles  |b SAGE Publ.  |c 2014 
773 0 |w eu_un_cat*0141963 
610 2 0 |a manažment strategický 
610 2 0 |a výskum ekonomický 
610 2 0 |a modelovanie ekonometrické